Tratado práctico de derecho procesal civil chileno

Guardat en:
Dades bibliogràfiques
Autor principal: Anabalón Sanderson, Carlos (autor)
Format: Llibre
Idioma:espanyol
Publicat: Concepción Librotec 1966
Edició:2a. ed
Matèries:
Etiquetes: Afegir etiqueta
Sense etiquetes, Sigues el primer a etiquetar aquest registre!

MARC

LEADER 00000nam a2200000 a 4500
001 UCY5934
003 CL-VaPUC
008 950521e19660000CL |||||||||||||||||spa|d
082 0 4 |a 347.05  |b ANA  |2 21 
100 |a Anabalón Sanderson, Carlos  |e autor  |9 335366 
245 1 0 |a Tratado práctico de derecho procesal civil chileno 
250 |a 2a. ed 
300 |a 3 v 
942 |c BK 
945 |d 19950521 00:00:00  |a aalvarez 
260 |a Concepción  |b Librotec  |c 1966 
650 0 |a Derecho procesal civil  |9 258071 
650 0 |a Procedimiento civil  |9 254870 
650 0 |a Competencia  |9 269688 
650 0 |a Recursos procesales  |9 255595 
651 7 |a CHILE  |2 CL-VaPUC  |9 335367 
583 |a last modification  |c 19950521 00:00:00  |k Rodrigo Vera 
999 |c 233533  |d 233531 
952 |0 0  |1 0  |4 0  |6 347_050000000000000_ANA_1966  |7 0  |8 A  |9 239123  |a BIBDER  |b BIBDER  |d 2019-11-18  |h v.1  |i 2000296  |o 347.05 ANA 1966  |p 2000296  |r 2023-01-25  |w 2019-11-18  |y BK  |k DER 
952 |0 0  |1 0  |4 0  |6 347_050000000000000_ANA_1966  |7 0  |8 A  |9 239124  |a BIBDER  |b BIBDER  |d 2019-11-18  |h v.2  |i 2000288  |o 347.05 ANA 1966  |p 2000288  |r 2023-01-25  |w 2019-11-18  |y BK  |k DER 
952 |0 0  |1 0  |4 0  |6 347_050000000000000_ANA_1966  |7 0  |8 A  |9 239125  |a BIBDER  |b BIBDER  |d 2019-11-18  |h v.3  |i 200027K  |o 347.05 ANA 1966  |p 200027K  |r 2023-01-25  |w 2019-11-18  |y BK  |k DER